The lucky one/ (Record no. 6302)
[ view plain ]
| 000 -LEADER | |
|---|---|
| fixed length control field | 00455nam a22001697a 4500 |
| 003 - CONTROL NUMBER IDENTIFIER | |
| control field | OSt |
| 005 - DATE AND TIME OF LATEST TRANSACTION | |
| control field | 20251125145946.0 |
| 008 - FIXED-LENGTH DATA ELEMENTS--GENERAL INFORMATION | |
| fixed length control field | 251125b |||||||| |||| 00| 0 eng d |
| 020 ## - INTERNATIONAL STANDARD BOOK NUMBER | |
| International Standard Book Number | 9781455508976 |
| 040 ## - CATALOGING SOURCE | |
| Original cataloging agency | DWC-Main Lib. |
| Transcribing agency | OC |
| 082 ## - DEWEY DECIMAL CLASSIFICATION NUMBER | |
| Classification number | Fic. S736L 2008 |
| 100 ## - MAIN ENTRY--PERSONAL NAME | |
| Personal name | Sparks, Nicholas |
| 245 ## - TITLE STATEMENT | |
| Title | The lucky one/ |
| Statement of responsibility, etc. | Nicholas Sparks |
| 260 ## - PUBLICATION, DISTRIBUTION, ETC. | |
| Place of publication, distribution, etc. | New York : |
| Name of publisher, distributor, etc. | Grand Central Pub., |
| Date of publication, distribution, etc. | c2008. |
| 300 ## - PHYSICAL DESCRIPTION | |
| Extent | 400 p. ; |
| Dimensions | 17 cm. |
| 942 ## - ADDED ENTRY ELEMENTS (KOHA) | |
| Source of classification or shelving scheme | Dewey Decimal Classification |
| Koha item type | Fiction |
| Call number prefix | Fic. |
| Suppress in OPAC | No |
| 952 ## - LOCATION AND ITEM INFORMATION (KOHA) | |
| -- | |
| 952 ## - LOCATION AND ITEM INFORMATION (KOHA) | |
| -- | |
| Withdrawn status | Lost status | Source of classification or shelving scheme | Damaged status | Not for loan | Home library | Current library | Shelving location | Date acquired | Source of acquisition | Total Checkouts | Full call number | Barcode | Date last seen | Copy number | Price effective from | Koha item type | Uniform Resource Identifier |
|---|---|---|---|---|---|---|---|---|---|---|---|---|---|---|---|---|---|
| Dewey Decimal Classification | College Library | College Library | Fiction | 10/09/2012 | Replacemant | Fic. S736L 2008 | CL49620 | 11/25/2025 | C1 | 11/25/2025 | FIC. | ||||||
| Dewey Decimal Classification | College Library | College Library | Fiction | 10/09/2012 | Fic. S736L 2008 | CL15912 | 11/25/2025 | C2 | 11/25/2025 | FIC. |